| 000 | 00815cam a22002294a 4500 | ||
|---|---|---|---|
| 020 | _a0471478644 (cloth) | ||
| 040 | _cDLC | ||
| 082 | 0 | 0 |
_a338 JOH 2004 A020 Or. _aB |
| 100 | 1 | _aCraig, Jenny. | |
| 245 | 1 | 4 |
_aThe Jenny Craig story: _bhow one woman changes millions of lives / |
| 260 |
_aHoboken, N.J. : _bJohn Wiley & Sons, _cc2004. |
||
| 300 |
_ax, 211 p., [16] p. of plates : _bill. ; _c24 cm. |
||
| 500 | _aPublished simultaneously in the U.S. and Canada. | ||
| 500 | _aIncludes index. | ||
| 650 | 0 | _aBusinesswomen | |
| 650 | 0 | _aWeight loss. | |
| 650 | 0 | _aReducing diets. | |
| 856 | 4 | 2 | _uhttp://www.loc.gov/catdir/bios/wiley046/2003021822.html |
| 856 | 4 | 2 | _uhttp://www.loc.gov/catdir/description/wiley041/2003021822.html |
| 856 | 4 | 1 | _uhttp://www.loc.gov/catdir/toc/wiley041/2003021822.html |
| 942 | _cEK | ||
| 999 |
_c12762 _d12762 |
||